000 00766nam a2200241 i 4500
001 186452
003 SpMaBN
005 20260525062936.0
008 161114s1966 sp b |||| | spa d
080 _a94(510)
100 1 _aLattimore, Owen.
_9161236
245 1 0 _aBreve historia de China /
_cOwen y Eleanor Lattimore ; [traducido por León Mirlas].
250 _a3ª ed.
260 _a[Madrid] :
_bEspasa-Calpe,
_c1966.
300 _a207 p. :
_bmapas ;
_c18 cm.
490 1 _aColección austral ;
_v994
651 7 _aChina-
_xHistoria.
_9145406
700 1 _aLattimore, Eleanor.
_9161237
700 1 _aMirlas, León.
_981594
830 0 _aColección austral
_v994
_9177655
852 _aES-MaACL
_jL-30806
_z. - Donat. Miguel A. Velasco
999 _c186452
_d186452